000 00659nam a2200253Ia 4500
003 OSt
005 20221007102332.0
006 a|||||r|||| 00| 0
007 ta
008 221006b |||||||| |||| 00| 0 eng d
024 _a10,074
037 _cTextual
040 _aLCO
_cLCO
_beng
041 _2eng
_aeng
082 _aZ2,2,41, N6
100 _aGopalaKrishnan T.P. Au.
_9704428
245 0 _aLaw Of Wills
250 _a6th
260 _aAllahabad
_bAllahabad Law Agency India
_c1998
300 _a1048
650 _aLAW OF WILLS
_9704429
942 _hZ2,2,41, N6
_cTEXL
999 _c1179637
_d1179637